000 01147naa a22002897a 4500
001 BR9102793
003 BR-BrBNA
005 20250721155411.0
007 ta
008 250630b bl.|||m| |||| 00| 0 por d
040 _aBR-BrBNA
_bpor
_cBiblioteca Nacional de Agricultura
041 _a(Pt)
072 _aF06; E16
_b1410
090 _aF06 BR9102793
100 1 _aTeixeira, S.M.
111 1 _a1. Reuniao sobre Feijao Irrigado (GO,DF,MG,ES,SP,RJ)
_cGoiania, GO (Brazil)
_d22-25 Nov 1988
245 1 _aEconomicidade da producao de feijao em sistemas de irrigacao por aspersao
500 _aAnais da 1. Reuniao sobre Feijao Irrigado (GO,DF,MG,ES,SP,RJ) Goiania, GO (Brasil): 1990. p. 157-162 (BR9102793-AMS)
773 0 _tAnais da 1. Reuniao sobre Feijao Irrigado (GO,DF,MG,ES,SP,RJ)
_wF06 BR9102793
_gGoiania, GO (Brasil), 1990. p. 157-162
650 _aFEIJAO
650 _aCULTURA IRRIGADA
650 _aIRRIGACAO POR ASPERSAO
650 _aANALISE ECONOMICA
490 _aDocumentos - Centro Nacional de Pesquisa em Arroz e Feijao (Brazil)
_vNo. 27
_xISSN 0101-9716
942 _cAMS
_2AGRIS
909 _a202506
_bLúcia
_c55
_dLúcia Elande
999 _c336285
_d336285